000 01717 a2200217 4500
001 63720
005 20260407155935.0
008 260407a2025 arg spa d
003 AR-UNSa-BCEJYS
040 _aAR-UNSa-BCEJYS
_bspa
_cAR-UNSa-BCEJYS
080 _a159.922
_xCaracterísticas de la vida mental. Consciencia. Desarrollo mental en los seres humanos. Psicología diferencial. Psicología genética. Psicología del desarrollo
245 1 0 _aVínculos patológicos
_pAbordaje psicológico y legal
264 1 _aMendoza :
_b[s.e.]
_c2025
300 _a180 p.
_c21 cm.
505 _a1. Fundamentos teóricos del apego – 2. John Bowlby – 3. Mary Ainsworth – 4. Mary Main – 5. Judith Solomon – 6. Peter Fonagy – 7. Alan Sroufe – 8. Inge Bretherton – 9. Resultados de estudios y longitudes – 10. La teoría de las relaciones objétales – 11. El apego desorganizado – 12. Los mecanismos de defensa – 13. Influencia de las decisiones judiciales – 14. Precedentes judiciales de apego – 15. Conceptualización del narcisismo – 16. Teorías psicoanalíticas – 17. Modelo trifurcado del narcisismo – 18 El narcisismo en la ficción – 19. Diagnóstico de trastorno narcisista de personalidad – 20. Narcisista y psicópatas – 21. Estrategias para manejar relaciones con narcisistas – 22. Tratamiento aplicable a los narcisistas – 23. Problemática judicial – 24. Inventarios y escalas comunes para diagnosticar – 25. Propuesta de pericia –
041 _aspa
942 _cBK
590 _aniveau_biblio:m niveau_hierar:0
100 1 _aBenaroya, Sergio Gustavo
856 4 1 _uhttps://www.biblioeco.unsa.edu.ar/pmb/images/libros/L129427.jpg
_yImagen de portada
_qimage/jpeg
999 _c8280
_d8280